Central Library OPAC University of Rajshahi
Normal view MARC view

Entry Topical Term

Number of records used in: 1

001 - CONTROL NUMBER

  • control field: 17413

003 - CONTROL NUMBER IDENTIFIER

  • control field: BD-RjUL

005 - DATE AND TIME OF LATEST TRANSACTION

  • control field: 20251130143231.0

008 - FIXED-LENGTH DATA ELEMENTS

  • fixed length control field: 251130|| aca||aabn | a|a d

040 ## - CATALOGING SOURCE

  • Original cataloging agency: BD-RjUL
  • Transcribing agency: BD-RjUL

150 ## - HEADING--TOPICAL TERM

  • Topical term or geographic name entry element: Speeches, addresses, etc., Latin
  • General subdivision: Translations into English

670 ## - SOURCE DATA FOUND

  • Source citation: Work cat.: (BD-RjUL)86007: Cicero, Marcus Tullius., The speeches: pro lege Manilia, pro Caecina, pro Cluentio, pro Rabirio perduellionis /, 1927.